MARC

LEADER 00000nam0a2200000 4500
001 303001
005 20231102001547.0
035 |a (RuTPU)RU\TPU\book\328219 
090 |a 303001 
100 |a 20150828d1962 k y0rusy50 ca 
101 0 |a rus 
102 |a RU 
105 |a a z 001zy 
200 1 |a Концентрация напряжений в угловых элементах и деталях ступенчатой формы  |f В. В. Васильев 
210 |a Москва  |c Машгиз  |d 1962 
215 |a 74 с.  |c черт. 
320 |a Библиогр.: с. 72-73 (43 назв.). 
606 1 |a Напряжения  |x Концентрация  |x (машиностроение)  |2 stltpush  |3 (RuTPU)RU\TPU\subj\44855  |9 64133 
610 1 |a теоретические исследования 
610 1 |a экспериментальные исследования 
610 1 |a терминология 
610 1 |a теоретические расчеты 
610 1 |a методы 
610 1 |a плоские детали 
610 1 |a поверхности 
610 1 |a упрочнение 
610 1 |a ступенчатые валы 
610 1 |a угловые элементы 
610 1 |a детали машин 
675 |a 621.01:539.3  |v 4 
700 1 |a Васильев  |b В. В.  |g Владимир Викторович 
801 1 |a RU  |b 63413507  |c 20150828 
801 2 |a RU  |b 63413507  |c 20180523  |g RCR 
942 |c BK